00541nam a22001817a 450000500170000001000110001702000260002803500170005403700130007108200110008410000180009524500760011325000120018926000420020127000710024330000270031470000180034120181218111359.0 a1617EN c499.00a9789386070807 aB-650323-332 bBSBadpl a346.07 aGulshan, S.S. aBusiness law including company law /cby S.S.Gulshan [and] G.K. Kapoor a18th ed aKolkata bNew Age Internationalc2017 aNew Age International (P) Ltd ,7/30,Darya ganj bNew Delhie110002 axiv,763p. :c24cm(pbk) a Kapoor, G.K.